000
00336 a2200145 4500
001
150813
040
_c
Escola São Tomás de Aquino
100
_a
KUPTAS, Marcia
240
1
0
_a
A pedra mágica do tempo
_l
por
245
1
0
_a
A pedra mágica do tempo
362
0
_a
2007
440
1
_a
FTD
697
_a
ARTES E RECREAÇÃO
942
_c
BK
999
_c
150813
_d
150813